Capitali mondiali più vicine a Varsavia - Statistics

Statistiche generali
  • Questo quiz è stato fatto 69 volte
  • Il punteggio medio è 17 su 20
Statistiche sulle risposte
km capitale % Corretto
518 Berlino
100%
546 Budapest
97%
517 Praga
95%
561 Riga
95%
476 Minsk
90%
835 Tallinn
90%
948 Bucarest
89%
691 Kiev
89%
534 Bratislava
87%
812 Stoccolma
87%
556 Vienna
87%
916 Helsinki
85%
393 Vilnius
85%
1064 Oslo
84%
673 Copenaghen
82%
830 Belgrado
81%
803 Zagabria
81%
834 Lubiana
79%
952 Sarajevo
77%
814 Chișinău
63%
Nessun quiz corrispondente trovato
Distribuzione punteggi
Percentuale di utenti per punteggio
Percentile per numero di risposta
I tuoi punteggi nel tempo
Non hai fatto questo quiz